000 00587nam a2200229Ia 4500
003 OSt
005 20220928140721.0
006 a|||||r|||| 00| 0
007 ta
008 220927b |||||||| |||| 00| 0 eng d
024 _a11356
037 _cTextual
040 _aSDCL
_cSDCL
_beng
041 _2eng
_aeng
082 _aB28160bD, M0
100 _aSinha S K
_9462740
245 0 _aLife testing and reliability estimation.
260 _c1980
700 _a Kale B K
_9495005
942 _hB28160bD, M0
_cTEXL
_2CC
999 _c813786
_d813786